000 01178cam a2200145 4500500
005 20260405065351.0
041 _afre
042 _adc
100 1 0 _aBouhsira, Jacques
_eauthor
700 1 0 _aParat, Hélène
_eauthor
245 0 0 _aL'affect
260 _bPresses Universitaires de France,
_c2005.
520 _aSi Freud a tenté de réduire la complexité de l’affect à un problème de quantité, force est de constater qu’après 1920 les questions qui se posent deviennent de plus en plus énigmatiques. Le propos de cet ouvrage est de mettre en perspective cette complexité: d’abord le trajet chez Freud de cette notion puis la confrontation aux réévaluations théoriquescontemporaines. Par exemple qu’en est-il de la théorie de l’affect chez les kleiniens ? Quelle est la fonction de l’affect dans la théorie psychosomatique ? Qu’en est-il de son rapport à l’éprouvé ? Les auteurs, qu’ils soient proches ou éloignés de cette conception, montrent ici l’importance de la question de l’affect inconscient.
856 4 1 _uhttps://shs.cairn.info/l-affect--9782130548652?lang=fr&redirect-ssocas=7080
999 _c2195391
_d2195391